00263nam a2200109Ia 4500008004100000041000800041082001400049100001000063245002800073260003300101300001900134241028s9999 xx 000 0 und d aeng a332.6 LOG aLogue aHedge Funds For Dummies bWiley IndiaaNew Delhic2023 a342;. P. 23 cm